000 00291nam a2200109Ia 4500
005 20251222152713.0
008 251222s9999||||xx |||||||||||||| ||spa||
082 _a370.985/M61
100 _aMinisterio de Educacuón
245 0 _aProyecto Educativo Regional de Ucayali 2008-2021
942 _cLIB
999 _c29274
_d29274